FYP document secure network infrastructure using mobile agent (Record no. 10605)
[ view plain ]
| 000 -LEADER | |
|---|---|
| fixed length control field | 00554 a2200145 4500 |
| 082 ## - DEWEY DECIMAL CLASSIFICATION NUMBER | |
| Classification number | BIT-9 |
| 100 ## - MAIN ENTRY--PERSONAL NAME | |
| Personal name | Saqib Khan |
| 9 (RLIN) | 22895 |
| 245 ## - TITLE STATEMENT | |
| Title | FYP document secure network infrastructure using mobile agent |
| Statement of responsibility, etc. | Saqib Khan |
| Medium | Mediam |
| 260 ## - PUBLICATION, DISTRIBUTION, ETC. | |
| Place of publication, distribution, etc. | Islamabad |
| Name of publisher, distributor, etc. | NUST School of Electrical Engineering and Computer Science |
| 300 ## - PHYSICAL DESCRIPTION | |
| Extent | iv, 47 p. |
| Other physical details | : ill |
| Dimensions | ; 27 cm. + |
| Accompanying material | CD-ROM |
| 500 ## - GENERAL NOTE | |
| General note | Supervisors : Dr.Awais Shibli,Mr.Qasim Rajpoot |
| 700 ## - ADDED ENTRY--PERSONAL NAME | |
| Personal name | Mudaser Mahmood |
| 9 (RLIN) | 92549 |
| 856 ## - ELECTRONIC LOCATION AND ACCESS | |
| Uniform Resource Identifier | <a href="http://10.250.8.41:8080/xmlui/handle/123456789/25030">http://10.250.8.41:8080/xmlui/handle/123456789/25030</a> |
| 942 ## - ADDED ENTRY ELEMENTS (KOHA) | |
| Koha item type | Project Report |
| Call number prefix | BIT-9 SAQ |
| Source of classification or shelving scheme | |
| Withdrawn status | Lost status | Damaged status | Not for loan | Permanent Location | Current Location | Date acquired | Full call number | Barcode | Date last seen | Price effective from | Koha item type |
|---|---|---|---|---|---|---|---|---|---|---|---|
| WITHDRAWN | Central Library (CL) | Central Library (CL) | 07/03/2022 | BIT-9 SAQ | SEECSP01003 | 11/14/2012 | 01/05/2017 | Project Report |
